书目信息 |
| 题名: |
地理学的理论与实践
|
|
| 作者: | 中国地理学会 编 | |
| 分册: | ||
| 出版信息: | 北京 科学出版社 2001.5 |
|
| 页数: | 197页 | |
| 开本: | 26cm | |
| 丛书名: | ||
| 单 册: | ||
| 中图分类: | K90-53 | |
| 科图分类: | ||
| 主题词: | 地理学--文集 | |
| 电子资源: | ||
| ISBN: | 7-03-009241-4 | |
| 000 | 00832nam0 2200205 45 | |
| 001 | 0301161082 | |
| 005 | 20031219104103.5 | |
| 010 | @a7-03-009241-4@dCNY25.00 | |
| 100 | @a20030116d2001 km y0chiy0120 ea | |
| 101 | 0 | @achi |
| 105 | @a z 000yy | |
| 200 | 1 | @a地理学的理论与实践@ADi Li Xue De Li Lun Yu Shi Jian@e纪念中国地理学会成立九十周年学术会议文集@EJi Nian Zhong Guo Di Li Xue Hui Cheng Li Jiu Shi Zhou Nian Xue Shu Hui Yi Wen Ji@f中国地理学会编@FZhong Guo Di Li Xue Hui Bian |
| 210 | @a北京@c科学出版社@d2001.5 | |
| 215 | @a197页@d26cm | |
| 517 | @a纪念中国地理学会成立九十周年学术会议文集@AJi Nian Zhong Guo Di Li Xue Hui Cheng Li Jiu Shi Zhou Nian Xue Shu Hui Yi Wen Ji | |
| 606 | 0 | @a地理学@x文集 |
| 690 | @aK90-53@v4 | |
| 701 | 0 | @a中国地理学会@4编 |
| 801 | @aCN@bTSTC@c20030116 | |
| 905 | @b319410-412@dK90-53@e95@f3 | |
| 地理学的理论与实践:纪念中国地理学会成立九十周年学术会议文集/中国地理学会编.-北京:科学出版社,2001.5 |
| 197页;26cm |
| ISBN 7-03-009241-4:CNY25.00 |
| ● |
| 相关链接 |
|
|
|
|
正题名:地理学的理论与实践
索取号:K90-53/95
 
预约/预借
| 序号 | 登录号 | 条形码 | 馆藏地/架位号 | 状态 | 备注 |
| 1 | 0319410 | 203194104 | 第二借阅区/ [索取号:K90-53/95] | 在馆 | |
| 2 | 0319411 | 203194113 | 第二借阅区/ [索取号:K90-53/95] | 在馆 | |
| 3 | 0319412 | 203194122 | 第二样本阅览室/ [索取号:K90-53/95] | 在馆 |